Диференціальні рівняння (Запис № 393623)

МАРК-запис
000 -Лідер
fixed length control field 01067nam a22002537a 4500
003 - Ідентифікатор контрольного номера
control field UA-OsUOA
001 - Контрольний номер
control field 107427
007 - Фіксоване поле фізичного опису
fixed length control field ta
008 - Елементи даних фіксованої довжини – загальна інформація
fixed length control field 20140814b un ||||| |||| 00| 0 ukr d
090 ## - Локальний шифр розміщення
Класифікаційний індекс УДК 517.9(075.8)
Авторський знак (НП) Х98
040 ## - Джерело каталогізації
Агенція оригінальної каталогізації UA-OsUOA
Мова каталогізації ukr
Агенція, яка здійснювала перезапис UA-OsUOA
Агенція, яка здійснювала модифікацію UA-OsUOA
041 ## - Код мови
Код мови тексту/ звукової доріжки чи окремого заголовка (П) ukr
080 ## - Індекс Універсальної десяткової класифікації
Індекс Універсальної десяткової класифікації (УДК) (НП) 517.9(075.8)
020 ## - Міжнародний стандартний книжковий номер (ISBN)
Міжнародний стандартний книжковий номер (ISBN) (НП) 978-966-439-321-5
100 ## - Основне введення – ім’я особи
Ім’я особи (НП) Хусаінов Д. Я.
245 ## - Відомості про назву
Назва (НП) Диференціальні рівняння
Решта назви (НП) навчальний посібник
260 ## - Публікація, розповсюдження і т.п. (Вихідні дані)
Місце публікації, розповсюдження і т.п. (П) К.
Ім’я/ наймення видавництва, розповсюджувача і т.п. (П) Київський університет
Дата публікації, розповсюдження і т.п. (П) 2010
300 ## - Фізичний опис
Обсяг 159 с.
520 3# - Резюме і т.п.
Резюме, реферат, анотація, тощо (НП) Зміст1. Лінійні однорідні рівняння зі змінними коефіцієнтами2. Теорія стійкості руху3. Операційне числення4. Лінійні диференціальні рівняння у частинних похідних першого порядку5. Основи варіаційного числення
650 #7 - Додаткове предметне введення – тематичний термін
Тематичний термін чи географічна назва, як елемент введення (НП) 517 Аналіз
Джерело заголовка чи терміна UDC
942 ## - Додаткові елементи входу (Коха)
Тип елемента Koha Книги
955 ## - Код типу видання за змістом
Код типу видання за змістом (НП) Навчальні видання
Фонди
Стан вилучень Стан втрат Джерело класифікації або схеми стелажів Стан уражень Не для кредиту Постійне місце розташування Поточне розміщення Дата придбання Джерело придбання Вартість, звичайна ціна покупки Інвентарний номер Усього замовленно Повний номер виклику Штрих-код Дата останнього перегляду Ціна ефективна від Тип елемента Koha
    Universal Decimal Classification     АБ - Абонемент НБ АБ - Абонемент НБ 14/08/2014 28/2014 11.00 146108   517.9(075.8) Х98 146108 24/12/2021 14/08/2014 Книги
    Universal Decimal Classification     АБ - Абонемент НБ АБ - Абонемент НБ 14/08/2014 28/2014 11.00 146109   517.9(075.8) Х98 146109 24/12/2021 14/08/2014 Книги
    Universal Decimal Classification     АБ - Абонемент НБ АБ - Абонемент НБ 14/08/2014 28/2014 11.00 146110   517.9(075.8) Х98 146110 24/12/2021 14/08/2014 Книги